00000000nam 2200000zi 4500
0019.947181
003CaOODSP
00520250306112040
006m     o  d f      
007cr |n|||||||||
008250121e20241212oncd    ob   f000 0 eng d
040 |aCaOODSP|beng|erda|cCaOODSP
043 |an-cn---
0861 |aYN5-296/2024E-PDF
1001 |aSegel-Brown, Ben, |eauthor.
24510|aFederal spending on housing affordability in 2024 / |cBen Segel-Brown, Senior Analyst.
264 1|aOttawa, Canada : |bOffice of the Parliamentary Budget Officer = Bureau du directeur parlementaire du budget, |cDecember 12, 2024.
264 4|c©2024
300 |a1 online resource (31 pages) : |bcharts
336 |atext|btxt|2rdacontent
337 |acomputer|bc|2rdamedia
338 |aonline resource|bcr|2rdacarrier
500 |aIssued also in French under title: Dépenses fédérales axées sur l’abordabilité du logement en 2024.
500 |a"RP-2425-023-S_e."
504 |aIncludes bibliographical references (pages 29-31).
650 0|aHousing policy|zCanada.
650 0|aFederal aid to housing|zCanada.
7101 |aCanada. |bOffice of the Parliamentary Budget Officer, |eissuing body.
77508|tDépenses fédérales axées sur l’abordabilité du logement en 2024 / |w(CaOODSP)9.947215
85640|qPDF|s4.16 MB|uhttps://publications.gc.ca/collections/collection_2025/dpb-pbo/YN5-296-2024-eng.pdf